10 Biggest Cities in Each Slovenian Municipality - Statistics

General Stats
  • This quiz has been taken 20 times
  • The average score is 135 of 1763
Answers on the Map
Answers color-coded by a green-red scale on the quiz's map according to % correct below.
 
Answer Stats
Municipality Population answer % Correct
Bled 5239 Bled
67%
Maribor 96,302 Maribor
61%
Ljubljana 284,293 Ljubljana
56%
Domžale 1,653 Dob
50%
Izola 11,653 Izola
50%
Jesenice 13611 Jesenice
50%
Koper 25,913 Koper
50%
Ajdovščina 6886 Ajdovščina
44%
Celje 37,122 Celje
44%
Kamnik 13,774 Kamnik
44%
Kranj 37605 Kranj
44%
Sežana 670 Križ
44%
Komenda 563 Križ
44%
Ljutomer 3,270 Ljutomer
44%
Kranjska Gora 162 Log
44%
Ruše 399 Log
44%
Rogatec 217 Log
44%
Sevnica 384 Log
44%
Piran 3,113 Portorož
44%
Radovljica 6116 Radovljica
44%
Šoštanj 1,122 Ravne
44%
Sevnica 4,546 Sevnica
44%
Sežana 6,163 Sežana
44%
Slovenj Gradec 7,314 Slovenj Gradec
44%
Tolmin 3,242 Tolmin
44%
Trebnje 3,868 Trebnje
44%
Ankaran 3,282 Ankaran
39%
Benedikt 1,158 Benedikt
39%
Trnovska vas 350 Biš
39%
Šentrupert 106 Bistrica
39%
Borovnica 2,703 Borovnica
39%
Bovec 1619 Bovec
39%
Brežice 6,919 Brežice
39%
Šmarješke Toplice 244 Brezovica
39%
Velika Polana 211 Brezovica
39%
Cerkvenjak 164 Cerkvenjak
39%
Dobrna 550 Dobrna
39%
Domžale 13,115 Domžale
39%
Dravograd 3,089 Dravograd
39%
Hrastnik 181 Gore
39%
Cerklje na Gorenjskem 249 Grad
39%
Grad 619 Grad
39%
Grosuplje 7,501 Grosuplje
39%
Hrastnik 4,802 Hrastnik
39%
Idrija 5,797 Idrija
39%
Ilirska Bistrica 4,335 Ilirska Bistrica
39%
Kidričevo 1,123 Kidričevo
39%
Postojna 307 Koče
39%
Kočevje 8,115 Kočevje
39%
Tržič 920 Križe
39%
Krško 6,755 Krško
39%
Litija 6,682 Litija
39%
Radovljica 456 Ljubno
39%
Logatec 9,950 Logatec
39%
Medvode 5,324 Medvode
39%
Mengeš 7,089 Mengeš
39%
Miklavž na Dravskem polju 4,413 Miklavž na Dravskem polju
39%
Murska Sobota 10,972 Murska Sobota
39%
Naklo 1845 Naklo
39%
Nova Gorica 12,892 Nova Gorica
39%
Novo mesto 23,984 Novo mesto
39%
Ormož 1,914 Ormož
39%
Piran 3,802 Piran
39%
Prevalje 4,561 Prevalje
39%
Ptuj 17,880 Ptuj
39%
Radenci 2,137 Radenci
39%
Renče - Vogrsko 2,072 Renče
39%
Ribnica 3,675 Ribnica
39%
Rogaška Slatina 5,094 Rogaška Slatina
39%
Šentjur 4,954 Šentjur
39%
Škofljica 2,975 Škofljica
39%
Koper 927 Šmarje
39%
Trbovlje 13,620 Trbovlje
39%
Trzin 3,900 Trzin
39%
Velenje 25,396 Velenje
39%
Veržej 977 Veržej
39%
Dobrepolje 590 Videm
39%
Dol pri Ljubljani 1,210 Videm
39%
Vipava 2,105 Vipava
39%
Vodice 1,707 Vodice
39%
Šentrupert 144 Vrh
39%
Vrhnika 8,901 Vrhnika
39%
Pivka 369 Zagorje
39%
Kozje 176 Zagorje
39%
Žalec 4,951 Žalec
39%
Kidričevo 802 Apače
33%
Apače 549 Apače
33%
Cerknica 4,035 Cerknica
33%
Cerkno 1,401 Cerkno
33%
Cirkulane 445 Cirkulane
33%
Črnomelj 5,413 Črnomelj
33%
Destrnik 192 Destrnik
33%
Dol pri Ljubljani 278 Dol pri Ljubljani
33%
Dornava 1,260 Dornava
33%
Rače - Fram 1,087 Fram
33%
Moravče 139 Gorica
33%
Puconci 262 Gorica
33%
Gorišnica 907 Gorišnica
33%
Gornja Radgona 3,127 Gornja Radgona
33%
Ig 2,359 Ig
33%
Ivančna Gorica 2,270 Ivančna Gorica
33%
Juršinci 453 Juršinci
33%
Kobarid 1,039 Kobarid
33%
Komen 625 Komen
33%
Komenda 904 Komenda
33%
Kostanjevica na Krki 691 Kostanjevica na Krki
33%
Kranjska Gora 3280 Kranjska Gora
33%
Gornji Petrovci 358 Križevci
33%
Ivančna Gorica 246 Krka
33%
Lendava 2,864 Lendava
33%
Starše 307 Loka
33%
Majšperk 593 Majšperk
33%
Makole 221 Makole
33%
Markovci 494 Markovci
33%
Šalovci 236 Markovci
33%
Metlika 3,227 Metlika
33%
Mežica 3,135 Mežica
33%
Miren - Kostanjevica 1,518 Miren
33%
Mirna 1,344 Mirna
33%
Mirna Peč 1,012 Mirna Peč
33%
Mislinja 1,856 Mislinja
33%
Moravče 948 Moravče
33%
Muta 2,202 Muta
33%
Kungota 138 Pesnica
33%
Pivka 2,255 Pivka
33%
Podčetrtek 618 Podčetrtek
33%
Polzela 2,401 Polzela
33%
Postojna 9,804 Postojna
33%
Prebold 1,705 Prebold
33%
Rače - Fram 2,930 Rače
33%
Radeče 1,939 Radeče
33%
Radlje ob Dravi 2,892 Radlje ob Dravi
33%
Ravne na Koroškem 7,179 Ravne na Koroškem
33%
Razkrižje 269 Razkrižje
33%
Ribnica na Pohorju 420 Ribnica na Pohorju
33%
Rogatec 1,523 Rogatec
33%
Ruše 4,179 Ruše
33%
Žiri 256 Selo
33%
Ajdovščina 488 Selo
33%
Moravske Toplice 253 Selo
33%
Šenčur 3263 Šenčur
33%
Šentjernej 1,413 Šentjernej
33%
Škocjan 253 Škocjan
33%
Škofja Loka 11740 Škofja Loka
33%
Slovenske Konjice 5,119 Slovenske Konjice
33%
Šmarje pri Jelšah 1,797 Šmarje pri Jelšah
33%
Cerklje na Gorenjskem 299 Šmartno
33%
Starše 751 Starše
33%
Štore 2,043 Štore
33%
Sveti Tomaž 274 Sveti Tomaž
33%
Tišina 401 Tišina
33%
Trnovska vas 352 Trnovska vas
33%
Velike Lašče 762 Velike Lašče
33%
Renče - Vogrsko 915 Vogrsko
33%
Vojnik 2,439 Vojnik
33%
Zagorje ob Savi 6,006 Zagorje ob Savi
33%
Žirovnica 627 Žirovnica
33%
Zreče 3,009 Zreče
33%
Beltinci 2,460 Beltinci
28%
Braslovče 405 Braslovče
28%
Cankova 408 Cankova
28%
Cerklje na Gorenjskem 1751 Cerklje na Gorenjskem
28%
Črenšovci 1,147 Črenšovci
28%
Črna na Koroškem 2,124 Črna na Koroškem
28%
Divača 1,814 Divača
28%
Dobrova - Polhov Gradec 923 Dobrova
28%
Dobrovnik 910 Dobrovnik
28%
Idrija 142 Dole
28%
Kočevje 374 Gorenje
28%
Postojna 115 Gorenje
28%
Šmartno ob Paki 185 Gorenje
28%
Gornji Grad 1,072 Gornji Grad
28%
Gornji Petrovci 395 Gornji Petrovci
28%
Hodoš 282 Hodoš
28%
Horjul 1,430 Horjul
28%
Hrpelje - Kozina 1,006 Hrpelje
28%
Kanal 1,105 Kanal
28%
Hrpelje - Kozina 793 Kozina
28%
Kozje 607 Kozje
28%
Kuzma 474 Kuzma
28%
Laško 3,283 Laško
28%
Tabor 185 Loke
28%
Luče 382 Luče
28%
Moravske Toplice 898 Moravske Toplice
28%
Mozirje 2,260 Mozirje
28%
Nazarje 890 Nazarje
28%
Preddvor 148 Nova vas
28%
Bloke 280 Nova vas
28%
Odranci 1,595 Odranci
28%
Oplotnica 1,438 Oplotnica
28%
Podlehnik 405 Podlehnik
28%
Podvelka 289 Podvelka
28%
Rečica ob Savinji 136 Poljane
28%
Poljčane 1,164 Poljčane
28%
Straža 243 Potok
28%
Nazarje 136 Potok
28%
Preddvor 873 Preddvor
28%
Puconci 631 Puconci
28%
Rečica ob Savinji 477 Rečica ob Savinji
28%
Rogašovci 244 Rogašovci
28%
Šalovci 387 Šalovci
28%
Selnica ob Dravi 1,367 Selnica ob Dravi
28%
Šentrupert 287 Šentrupert
28%
Laško 379 Šentrupert
28%
Šmarješke Toplice 683 Šmarješke Toplice
28%
Šmartno ob Paki 655 Šmartno ob Paki
28%
Sodražica 843 Sodražica
28%
Solčava 210 Solčava
28%
Šoštanj 2,924 Šoštanj
28%
Straža 1,954 Straža
28%
Tabor 539 Tabor
28%
Tržič 3737 Tržič
28%
Turnišče 1,402 Turnišče
28%
Vitanje 846 Vitanje
28%
Vransko 812 Vransko
28%
Šempeter - Vrtojba 2,555 Vrtojba
28%
Vuzenica 1,519 Vuzenica
28%
Železniki 2909 Železniki
28%
Žetale 372 Žetale
28%
Žiri 3671 Žiri
28%
Žužemberk 1,075 Žužemberk
28%
Bistrica ob Sotli 246 Bistrica ob Sotli
22%
Dolenjske Toplice 901 Dolenjske Toplice
22%
Log - Dragomer 1,428 Dragomer
22%
Koper 1,316 Hrvatini
22%
Dol pri Ljubljani 388 Kamnica
22%
Maribor 1,706 Kamnica
22%
Kobilje 532 Kobilje
22%
Lovrenc na Pohorju 1,931 Lovrenc na Pohorju
22%
Loška dolina 550 Lož
22%
Mokronog - Trebelno 708 Mokronog
22%
Pesnica 493 Pernica
22%
Gorenja vas - Poljane 213 Podgora
22%
Straža 193 Podgora
22%
Ravne na Koroškem 315 Podgora
22%
Šmartno ob Paki 194 Podgora
22%
Dobrova - Polhov Gradec 595 Polhov Gradec
22%
Bohinj 241 Polje
22%
Semič 2,024 Semič
22%
Duplek 1,655 Spodnji Duplek
22%
Mirna 108 Stan
22%
Postojna 196 Stara vas
22%
Rogašovci 482 Sveti Jurij
22%
Sveti Jurij 2,855 Sveti Jurij
22%
Rogatec 127 Sveti Jurij
22%
Velika Polana 853 Velika Polana
22%
Duplek 1,876 Zgornji Duplek
22%
Sveta Ana 238 Žice
22%
Slovenske Konjice 628 Žiče
22%
Bohinj 1891 Bohinjska Bistrica
17%
Ig 362 Brest
17%
Apače 290 Črnci
17%
Trbovlje 173 Dobovec
17%
Radlje ob Dravi 208 Dobrava
17%
Izola 295 Dobrava
17%
Miklavž na Dravskem polju 823 Dobrovce
17%
Maribor 768 Dogoše
17%
Destrnik 166 Dolič
17%
Kuzma 388 Dolič
17%
Juršinci 180 Dragovič
17%
Žužemberk 399 Dvor
17%
Šmarje pri Jelšah 202 Dvor
17%
Gorišnica 370 Formin
17%
Gorenja vas - Poljane 1153 Gorenja vas
17%
Kanal 151 Gorenja vas
17%
Metlika 377 Gradac
17%
Izola 2,272 Jagodje
17%
Pivka 344 Kal
17%
Jesenice 2101 Koroška Bela
17%
Nova Gorica 2,096 Kromberk
17%
Logatec 363 Laze
17%
Velenje 419 Laze
17%
Maribor 2,004 Limbuš
17%
Trnovska vas 136 Ločič
17%
Križevci 597 Lukavci
17%
Velike Lašče 293 Male Lašče
17%
Starše 460 Marjeta na Dravskem polju
17%
Hoče - Slivnica 447 Orehova vas
17%
Vitanje 260 Paka
17%
Borovnica 169 Pako
17%
Moravče 211 Peče
17%
Maribor 1,511 Pekre
17%
Ajdovščina 507 Planina
17%
Postojna 819 Planina
17%
Ormož 505 Podgorci
17%
Ilirska Bistrica 591 Podgrad
17%
Cirkulane 109 Pohorje
17%
Tržič 891 Pristava
17%
Cirkulane 184 Pristava
17%
Majšperk 448 Ptujska Gora
17%
Murska Sobota 533 Pušča
17%
Maribor 1,377 Razvanje
17%
Piran 837 Sečovlje
17%
Šmartno pri Litiji 1,434 Šmartno pri Litiji
17%
Nova Gorica 3,211 Solkan
17%
Gorje 965 Spodnje Gorje
17%
Hoče - Slivnica 2,763 Spodnje Hoče
17%
Piran 670 Strunjan
17%
Sveta Trojica v Slovenskih goricah 793 Sveta Trojica v Slovenskih Goricah
17%
Škofja Loka 1171 Sveti Duh
17%
Rečica ob Savinji 114 Trnovec
17%
Radlje ob Dravi 395 Vas
17%
Cirkulane 121 Veliki Vrh
17%
Šmartno ob Paki 279 Veliki Vrh
17%
Videm 468 Videm pri Ptuju
17%
Domžale 3,439 Vir
17%
Duplek 456 Vurberk
17%
Juršinci 290 Zagorci
17%
Gorje 441 Zgornje Gorje
17%
Hoče - Slivnica 668 Zgornje Hoče
17%
Maribor 691 Zrkovci
17%
Cerkvenjak 170 Andrenci
11%
Veržej 235 Banovci
11%
Trnovska vas 197 Bišečki Vrh
11%
Jesenice 947 Blejska Dobrava
11%
Bled 553 Bohinjska Bela
11%
Dornava 166 Bratislavci
11%
Žirovnica 673 Breg
11%
Majšperk 373 Breg
11%
Cerkvenjak 298 Brengova
11%
Maribor 1,269 Bresternica
11%
Radovljica 501 Brezje
11%
Mozirje 255 Brezje
11%
Podvelka 421 Brezno
11%
Cirkulane 244 Brezovec
11%
Brezovica 3,253 Brezovica pri Ljubljani
11%
Kranj 2062 Britof
11%
Starše 432 Brunšvik
11%
Markovci 986 Bukovci
11%
Renče - Vogrsko 440 Bukovica
11%
Veržej 159 Bunčani
11%
Cerkvenjak 240 Čagona
11%
Kidričevo 350 Cirkovce
11%
Cerkvenjak 274 Cogetinci
11%
Hoče - Slivnica 357 Čreta
11%
Ljubljana 1,062 Črna vas
11%
Koper 1,712 Dekani
11%
Kostanjevica na Krki 115 Dobe
11%
Brežice 720 Dobova
11%
Cirkulane 159 Dolane
11%
Železniki 499 Dolenja vas
11%
Ribnica 729 Dolenja vas
11%
Divača 159 Dolenja vas
11%
Cerknica 481 Dolenja vas
11%
Prebold 602 Dolenja vas
11%
Zagorje ob Savi 438 Dolenja vas
11%
Kočevje 856 Dolga vas
11%
Lendava 634 Dolga vas
11%
Hrastnik 1,399 Dol pri Hrastniku
11%
Nova Gorica 816 Dornberk
11%
Kranjska Gora 669 Dovje
11%
Piran 468 Dragonja
11%
Miklavž na Dravskem polju 696 Dravski Dvor
11%
Hajdina 574 Draženci
11%
Destrnik 229 Drstelja
11%
Duplek 751 Dvorjane
11%
Vojnik 272 Frankolovo
11%
Juršinci 258 Gabrnik
11%
Hajdina 564 Gerečja vas
11%
Cirkulane 363 Gradišča
11%
Ptuj 381 Grajena
11%
Ptuj 494 Grajenščak
11%
Juršinci 139 Grlinci
11%
Hajdina 656 Hajdoše
11%
Juršinci 250 Hlaponci
11%
Hoče - Slivnica 1,363 Hotinja vas
11%
Kranj 1021 Hrastje
11%
Zavrč 475 Hrastovec
11%
Jesenice 1710 Hrušica
11%
Ilirska Bistrica 294 Hrušica
11%
Ig 287 Iška
11%
Ig 449 Iška vas
11%
Destrnik 259 Janežovski Vrh
11%
Rače - Fram 569 Ješenca
11%
Brezovica 838 Jezero
11%
Cerkvenjak 106 Kadrenci
11%
Brezovica 995 Kamnik pod Krimom
11%
Ptuj 887 Kicar
11%
Črna na Koroškem 128 Koprivna
11%
Sveti Tomaž 171 Koračice
11%
Izola 861 Korte
11%
Ravne na Koroškem 1,091 Kotlje
11%
Murska Sobota 1,110 Krog
11%
Brežice 495 Krška vas
11%
Juršinci 214 Kukava
11%
Kidričevo 390 Kungota pri Ptuju
11%
Videm 520 Lancova vas
11%
Lenart 3,412 Lenart v Slovenskih goricah
11%
Radovljica 2921 Lesce
11%
Destrnik 143 Levanjci
11%
Ljubno 1,038 Ljubno ob Savinji
11%
Destrnik 142 Ločki Vrh
11%
Gornja Radgona 177 Lokavci
11%
Črnomelj 548 Lokve
11%
Kidričevo 654 Lovrenc na Dravskem polju
11%
Piran 6,343 Lucija
11%
Dobrepolje 142 Mala vas
11%
Gorišnica 253 Mala vas
11%
Ptuj 723 Mestni Vrh
11%
Dornava 456 Mezgovci ob Pesnici
11%
Kranjska Gora 1133 Mojstrana
11%
Žirovnica 673 Moste
11%
Komenda 1,506 Moste
11%
Ljutomer 297 Mota
11%
Gorišnica 447 Muretinci
11%
Kidričevo 768 Njiverce
11%
Moravske Toplice 233 Noršinci
11%
Brezovica 1,909 Notranje Gorice
11%
Sveta Trojica v Slovenskih goricah 413 Osek
11%
Novo mesto 860 Otočec
11%
Ptuj 236 Pacinje
11%
Hoče - Slivnica 733 Pivola
11%
Destrnik 279 Placar
11%
Kidričevo 248 Pleterje
11%
Oplotnica 134 Pobrež
11%
Videm 938 Pobrežje
11%
Hrastnik 381 Podkraj
11%
Majšperk 256 Podlože
11%
Brezovica 598 Podpeč
11%
Dobrepolje 129 Podpeč
11%
Kozje 169 Podsreda
11%
Ptuj 866 Podvinci
11%
Dornava 175 Polenšak
11%
Naklo 104 Polica
11%
Grosuplje 899 Polica
11%
Gornja Radgona 379 Police
11%
Prevalje 103 Poljana
11%
Šentjur 453 Ponikva
11%
Starše 517 Prepolje
11%
Mokronog - Trebelno 111 Puščava
11%
Kranjska Gora 749 Rateče
11%
Bled 652 Ribno
11%
Hoče - Slivnica 1,683 Rogoza
11%
Starše 425 Rošnja
11%
Juršinci 183 Rotman
11%
Nova Gorica 1,134 Rožna Dolina
11%
Sveti Tomaž 192 Rucmanci
11%
Kočevje 714 Šalka vas
11%
Litija 300 Sava
11%
Sveti Tomaž 220 Savci
11%
Piran 1,288 Seča
11%
Videm 194 Sela
11%
Podčetrtek 125 Sela
11%
Nova Gorica 1,168 Šempas
11%
Šempeter - Vrtojba 3,609 Šempeter pri Gorici
11%
Kidričevo 314 Šikole
11%
Velenje 905 Škale
11%
Miklavž na Dravskem polju 1,113 Skoke
11%
Hajdina 374 Skorba
11%
Šmartno ob Paki 301 Slatina
11%
Hoče - Slivnica 620 Slivnica pri Mariboru
11%
Šentrupert 546 Slovenska vas
11%
Jesenice 1927 Slovenski Javornik
11%
Grosuplje 1,656 Šmarje-Sap
11%
Cerkvenjak 151 Smolinci
11%
Bovec 150 Soča
11%
Hajdina 296 Spodnja Hajdina
11%
Duplek 387 Spodnja Korena
11%
Kidričevo 267 Spodnje Jablane
11%
Koper 1,487 Spodnje Škofije
11%
Ptuj 884 Spuhlja
11%
Cerkvenjak 150 Stanetinci
11%
Bohinj 612 Stara Fužina
11%
Slovenj Gradec 664 Stari trg
11%
Sveta Ana 158 Sveta Ana v Slovenskih Goricah
11%
Destrnik 132 Svetinci
11%
Mengeš 209 Topole
11%
Rogaška Slatina 230 Topole
11%
Starše 440 Trniče
11%
Sveti Tomaž 137 Trnovci
11%
Videm 448 Tržec
11%
Cerknica 620 Unec
11%
Murska Sobota 420 Veščica
11%
Razkrižje 307 Veščica
11%
Črnomelj 253 Vinica
11%
Dol pri Ljubljani 513 Vinje
11%
Destrnik 395 Vintarovci
11%
Ivančna Gorica 1,146 Višnja Gora
11%
Šenčur 918 Visoko
11%
Ig 292 Visoko
11%
Sveti Andraž v Slovenskih goricah 326 Vitomarci
11%
Brezovica 2,646 Vnanje Gorice
11%
Brezovica 443 Žabnica
11%
Markovci 493 Zabovci
11%
Straža 156 Zalog
11%
Gorišnica 533 Zamušani
11%
Tolmin 351 Zatolmin
11%
Črna na Koroškem 368 Žerjav
11%
Hajdina 837 Zgornja Hajdina
11%
Duplek 444 Zgornja Korena
11%
Kungota 504 Zgornja Kungota
11%
Cerklje na Gorenjskem 724 Zgornji Brnik
11%
Starše 745 Zlatoličje
11%
Kidričevo 244 Župečja vas
11%
Cerkvenjak 182 Župetinci
11%
Ivančna Gorica 245 Ambrus
6%
Brežice 328 Artiče
6%
Ljutomer 291 Babinci
6%
Izola 179 Baredi
6%
Radovljica 1029 Begunje na Gorenjskem
6%
Kranjska Gora 161 Belca
6%
Šoštanj 272 Bele Vode
6%
Postojna 225 Belsko
6%
Dol pri Ljubljani 469 Beričevo
6%
Koper 1,018 Bertoki
6%
Velenje 505 Bevče
6%
Ruše 592 Bezena
6%
Miren - Kostanjevica 1,283 Bilje
6%
Mirna Peč 135 Biška vas
6%
Ruše 1,423 Bistrica ob Dravi
6%
Tržič 2714 Bistrica pri Tržiču
6%
Brežice 678 Bizeljsko
6%
Sevnica 247 Blanca
6%
Bled 182 Bodešče
6%
Juršinci 132 Bodkovci
6%
Bohinj 323 Bohinjska Češnjica
6%
Radenci 422 Boračeva
6%
Križevci 314 Boreci
6%
Tišina 220 Borejci
6%
Markovci 308 Borovci
6%
Sevnica 290 Boštanj
6%
Nova Gorica 923 Branik
6%
Ravne na Koroškem 658 Brdinje
6%
Krško 941 Brestanica
6%
Žirovnica 465 Breznica
6%
Prevalje 180 Breznica
6%
Rače - Fram 263 Brezula
6%
Kozje 152 Buče
6%
Škocjan 129 Bučka
6%
Brežice 362 Čatež ob Savi
6%
Hrastnik 339 Čeče
6%
Trbovlje 177 Čeče
6%
Naklo 384 Cegelnica
6%
Murska Sobota 1,267 Černelavci
6%
Izola 163 Cetore
6%
Bovec 317 Čezsoča
6%
Duplek 310 Ciglence
6%
Lovrenc na Pohorju 146 Činžat
6%
Ajdovščina 515 Col
6%
Gornja Radgona 746 Črešnjevci
6%
Selnica ob Dravi 233 Črešnjevec ob Dravi
6%
Trnovska vas 107 Črmlja
6%
Ajdovščina 451 Črniče
6%
Idrija 680 Črni Vrh
6%
Dobrova - Polhov Gradec 285 Črni Vrh
6%
Tabor 151 Črni Vrh
6%
Ljutomer 561 Cven
6%
Ormož 437 Cvetkovci
6%
Kanal 1,159 Deskle
6%
Dobje 125 Dobje pri Planini
6%
Polzela 205 Dobrič
6%
Brda 343 Dobrovo
6%
Škocjan 370 Dobruška vas
6%
Beltinci 841 Dokležovje
6%
Trebnje 263 Dolenja Nemška vas
6%
Šmarješke Toplice 132 Dolenje Kronovo
6%
Sevnica 696 Dolenji Boštanj
6%
Dol pri Ljubljani 658 Dolsko
6%
Štore 121 Draga
6%
Črnomelj 219 Dragatuš
6%
Domžale 1,014 Dragomelj
6%
Šentjur 418 Dramlje
6%
Videm 275 Dravinjski Vrh
6%
Železniki 302 Dražgoše
6%
Sveti Andraž v Slovenskih goricah 230 Drbetinci
6%
Krško 404 Drnovo
6%
Šmarješke Toplice 333 Družinska vas
6%
Benedikt 176 Drvanja
6%
Cerklje na Gorenjskem 457 Dvorje
6%
Selnica ob Dravi 317 Fala
6%
Šoštanj 830 Florjan
6%
Šoštanj 706 Gaberke
6%
Novo mesto 618 Gabrje
6%
Dobrova - Polhov Gradec 494 Gabrje
6%
Trbovlje 339 Gabrsko
6%
Gorišnica 311 Gajevci
6%
Razkrižje 236 Gibina
6%
Sveta Trojica v Slovenskih goricah 242 Gočova
6%
Kranj 1133 Golnik
6%
Ig 559 Golo
6%
Mirna Peč 146 Golobinjek
6%
Podlehnik 134 Gorca
6%
Šentjur 537 Gorica pri Slivnici
6%
Kranjska Gora 864 Gozd Martuljek
6%
Slovenj Gradec 313 Gradišče
6%
Škofljica 993 Gradišče
6%
Tišina 293 Gradišče
6%
Kungota 1,202 Gradiška
6%
Šmarje pri Jelšah 296 Grobelno
6%
Cirkulane 145 Gruškovec
6%
Dobrepolje 176 Hočevje
6%
Hoče - Slivnica 509 Hočko Pohorje
6%
Šentjur 283 Hotunje
6%
Škocjan 185 Hrastulje
6%
Ribnica na Pohorju 215 Hudi Kot
6%
Domžale 838 Ihan
6%
Benedikt 287 Ihova
6%
Podčetrtek 345 Imeno
6%
Moravske Toplice 232 Ivanci
6%
Zagorje ob Savi 1,122 Izlake
6%
Mirna Peč 156 Jablan
6%
Ilirska Bistrica 130 Jablanica
6%
Selnica ob Dravi 445 Janževa Gora
6%
Štore 170 Javornik
6%
Litija 444 Jevnica
6%
Destrnik 243 Jiršovci
6%
Ribnica na Pohorju 287 Josipdol
6%
Sveti Jurij v Slovenskih goricah 419 Jurovski Dol
6%
Črnomelj 587 Kanižarica
6%
Radenci 232 Kapelski Vrh
6%
Velenje 554 Kavče
6%
Komenda 354 Klanec
6%
Trbovlje 259 Klek
6%
Trbovlje 230 Knezdol
6%
Loški Potok 286 Koblarji
6%
Jesenice 275 Kočna
6%
Kranj 1676 Kokrica
6%
Bled 233 Koritno
6%
Oplotnica 183 Koritno
6%
Miren - Kostanjevica 318 Kostanjevica na Krasu
6%
Loška dolina 234 Kozarišče
6%
Tišina 254 Krajna
6%
Ljutomer 295 Krapje
6%
Ptuj 946 Krčevina pri Vurbergu
6%
Litija 719 Kresnice
6%
Križevci 484 Križevci pri Ljutomeru
6%
Metlika 216 Križevska vas
6%
Sevnica 613 Krmelj
6%
Gorje 396 Krnica
6%
Luče 254 Krnica
6%
Lovrenc na Pohorju 315 Kumen
6%
Murska Sobota 370 Kupšinci
6%
Ormož 319 Lahonci
6%
Cerklje na Gorenjskem 454 Lahovče
6%
Dornava 115 Lasigovci
6%
Škofljica 3,441 Lavrica
6%
Kozje 172 Lesično
6%
Majšperk 194 Lešje
6%
Krško 1,124 Leskovec pri Krškem
6%
Jesenice 253 Lipce
6%
Velenje 447 Lipje
6%
Beltinci 1,053 Lipovci
6%
Kočevje 441 Livold
6%
Celje 1,100 Ljubečna
6%
Vitanje 305 Ljubnica
6%
Ruše 146 Lobnica
6%
Slovenske Konjice 671 Loče
6%
Križevci 268 Logarovci
6%
Solčava 120 Logarska Dolina
6%
Bovec 134 Log pod Mangartom
6%
Log - Dragomer 1,754 Log pri Brezovici
6%
Sevnica 455 Loka pri Zidanem Mostu
6%
Prevalje 131 Lokovica
6%
Šoštanj 946 Lokovica
6%
Vipava 217 Lože
6%
Kanal 254 Ložice
6%
Vipava 175 Lozice
6%
Lukovica 405 Lukovica pri Domžalah
6%
Apače 357 Lutverci
6%
Kočevje 294 Mahovnik
6%
Velika Polana 323 Mala Polana
6%
Sveti Tomaž 125 Mala vas pri Ormožu
6%
Izola 544 Malija
6%
Prebold 295 Marija Reka
6%
Hrastnik 203 Marno
6%
Ljubljana 462 Medno
6%
Cirkulane 144 Medribnik
6%
Kamnik 1,668 Mekinje
6%
Šmarje pri Jelšah 329 Mestinje
6%
Ormož 536 Mihovci pri Veliki Nedelji
6%
Šenčur 463 Milje
6%
Komenda 280 Mlaka
6%
Kočevje 299 Mlaka pri Kočevju
6%
Lenart 275 Močna
6%
Gorišnica 700 Moškanjci
6%
Tolmin 413 Most na Soči
6%
Ivančna Gorica 399 Muljava
6%
Tišina 440 Murski Črnci
6%
Pivka 215 Narin
6%
Komenda 248 Nasovče
6%
Gornja Radgona 348 Negova
6%
Bohinj 165 Nomenj
6%
Vojnik 476 Nova Cerkev
6%
Markovci 401 Nova vas pri Markovcih
6%
Sveti Andraž v Slovenskih goricah 203 Novinci
6%
Radeče 157 Obrežje
6%
Brežice 355 Obrežje
6%
Gornja Radgona 179 Očeslavci
6%
Radenci 228 Okoslavci
6%
Podčetrtek 287 Olimje
6%
Kostanjevica na Krki 222 Orehovec
6%
Šentjernej 211 Orehovica
6%
Miren - Kostanjevica 478 Orehovlje
6%
Renče - Vogrsko 203 Oševljek
6%
Podvelka 249 Ožbalt
6%
Cirkulane 185 Paradiž
6%
Piran 1,049 Parecag
6%
Radenci 220 Paričjak
6%
Makole 272 Pečke
6%
Muta 139 Pernice
6%
Cerkvenjak 128 Peščeni Vrh
6%
Pesnica 903 Pesnica pri Mariboru
6%
Zavrč 126 Pestike
6%
Tišina 615 Petanjci
6%
Pivka 319 Petelinje
6%
Gorišnica 162 Placerovci
6%
Šentjur 409 Planina pri Sevnici
6%
Kanal 233 Plave
6%
Koper 1,293 Pobegi
6%
Krško 330 Podbočje
6%
Komenda 275 Podboršt pri Komendi
6%
Naklo 808 Podbrezje
6%
Dol pri Ljubljani 313 Podgora pri Dolskem
6%
Gorje 321 Podhom
6%
Kranjska Gora 557 Podkoren
6%
Tržič 916 Podljubelj
6%
Vipava 366 Podnanos
6%
Rače - Fram 265 Podova
6%
Dornava 182 Polenci
6%
Dobrepolje 491 Ponikve
6%
Preddvor 346 Potoče
6%
Jesenice 110 Potoki
6%
Koper 1,310 Prade
6%
Novo mesto 414 Prečna
6%
Kranj 985 Predoslje
6%
Dornava 167 Prerad
6%
Brezovica 389 Preserje
6%
Sveti Tomaž 150 Pršetinci
6%
Markovci 234 Prvenci
6%
Radenci 151 Radenski Vrh
6%
Hoče - Slivnica 1,854 Radizel
6%
Domžale 1,727 Radomlje
6%
Grad 190 Radovci
6%
Metlika 288 Radovica
6%
Cerknica 2,177 Rakek
6%
Brezovica 786 Rakitna
6%
Sveti Tomaž 117 Rakovci
6%
Novo mesto 429 Ratež
6%
Zagorje ob Savi 253 Ravenska vas
6%
Postojna 200 Razdrto
6%
Lovrenc na Pohorju 237 Rdeči Breg
6%
Škofja Loka 723 Reteče
6%
Laško 802 Rimske Toplice
6%
Metlika 417 Rosalnice
6%
Maribor 850 Rošpoh
6%
Kungota 342 Rošpoh
6%
Železniki 213 Rudno
6%
Straža 253 Rumanja vas
6%
Izola 607 Šared
6%
Murska Sobota 272 Satahovci
6%
Železniki 697 Selca
6%
Lenart 349 Selce
6%
Pivka 283 Selce
6%
Bled 206 Selo pri Bledu
6%
Dravograd 496 Selovec
6%
Sveti Tomaž 103 Senik
6%
Krško 2,232 Senovo
6%
Dol pri Ljubljani 864 Senožeti
6%
Rečica ob Savinji 227 Šentjanž
6%
Sevnica 403 Šentjanž
6%
Ivančna Gorica 1,111 Šentvid pri Stični
6%
Majšperk 298 Sestrže
6%
Celje 471 Škofja vas
6%
Ig 502 Škrilje
6%
Vipava 426 Slap
6%
Majšperk 144 Slape
6%
Sveti Andraž v Slovenskih goricah 184 Slavšina
6%
Hajdina 572 Slovenja vas
6%
Šmarješke Toplice 296 Šmarjeta
6%
Novo mesto 514 Smolenja vas
6%
Ruše 279 Smolnik
6%
Markovci 161 Sobetinci
6%
Tišina 211 Sodišinci
6%
Medvode 537 Sora
6%
Dolenjske Toplice 167 Soteska
6%
Benedikt 143 Spodnja Bačkova
6%
Rače - Fram 254 Spodnja Gorica
6%
Idrija 1,405 Spodnja Idrija
6%
Lenart 741 Spodnja Voličina
6%
Naklo 529 Spodnje Duplje
6%
Ljubljana 623 Spodnje Gameljne
6%
Medvode 796 Spodnje Pirniče
6%
Selnica ob Dravi 159 Spodnji Boč
6%
Cerklje na Gorenjskem 479 Spodnji Brnik
6%
Pesnica 340 Spodnji Jakobski Dol
6%
Ljutomer 393 Spodnji Kamenščak
6%
Selnica ob Dravi 611 Spodnji Slemen
6%
Ptuj 212 Spodnji Velovlek
6%
Lenart 341 Spodnji Žerjavci
6%
Bohinj 510 Srednja vas v Bohinju
6%
Ljubljana 688 Srednje Gameljne
6%
Benedikt 226 Štajngrova
6%
Ljubljana 752 Stanežiče
6%
Komen 369 Štanjel
6%
Ljutomer 310 Stara Cesta
6%
Križevci 334 Stara Nova vas
6%
Vrhnika 741 Stara Vrhnika
6%
Makole 229 Stari Grad
6%
Loška dolina 803 Stari trg pri Ložu
6%
Makole 222 Štatenberg
6%
Trebnje 195 Štefan pri Trebnjem
6%
Ivančna Gorica 1,041 Stična
6%
Majšperk 239 Stogovci
6%
Apače 134 Stogovci
6%
Markovci 833 Stojnci
6%
Novo mesto 473 Stopiče
6%
Naklo 707 Strahinj
6%
Zreče 190 Stranice
6%
Makole 129 Stranske Makole
6%
Markovci 112 Strelci
6%
Luče 115 Strmec
6%
Ljutomer 506 Stročja vas
6%
Ravne na Koroškem 127 Strojna
6%
Trebnje 166 Studenec
6%
Komenda 822 Suhadole
6%
Podčetrtek 212 Sveta Ema
6%
Koper 2,190 Sveti Anton
6%
Dravograd 473 Sveti Danijel
6%
Rogaška Slatina 376 Sveti Florijan
6%
Piran 411 Sveti Peter
6%
Rogaška Slatina 228 Tekačevo
6%
Slovenske Konjice 540 Tepanje
6%
Ljubno 227 Ter
6%
Gorišnica 215 Tibolci
6%
Ilirska Bistrica 320 Topolc
6%
Šoštanj 1,318 Topolšica
6%
Maribor 749 Trčova
6%
Bovec 143 Trenta
6%
Črnomelj 319 Tribuče
6%
Črenšovci 544 Trnje
6%
Pivka 267 Trnje
6%
Tišina 472 Tropovci
6%
Rogaška Slatina 193 Tržišče
6%
Novo mesto 653 Uršna sela
6%
Litija 385 Vače
6%
Tišina 484 Vanča vas
6%
Videm 210 Vareja
6%
Medvode 555 Vaše
6%
Cerklje na Gorenjskem 384 Velesovo
6%
Trebnje 243 Velika Loka
6%
Novo mesto 494 Velike Brusnice
6%
Trebnje 386 Veliki Gaber
6%
Grosuplje 668 Veliko Mlačevo
6%
Vrhnika 1,952 Verd
6%
Dravograd 288 Vič
6%
Velenje 427 Vinska Gora
6%
Tolmin 543 Volče
6%
Renče - Vogrsko 692 Volčja Draga
6%
Kamnik 435 Volčji Potok
6%
Žirovnica 192 Vrba
6%
Dobrna 129 Vrba
6%
Podvelka 158 Vurmat
6%
Celje 917 Zadobrova
6%
Bovec 319 Žaga
6%
Gorišnica 183 Zagojiči
6%
Dobrepolje 216 Zagorica
6%
Prevalje 125 Zagrad
6%
Dol pri Ljubljani 246 Zajelše
6%
Cerklje na Gorenjskem 568 Zalog pri Cerkljah
6%
Bled 1052 Zasip
6%
Šoštanj 284 Zavodnje
6%
Lenart 416 Zavrh
6%
Šmarješke Toplice 175 Zbure
6%
Naklo 123 Žeje
6%
Lenart 570 Zgornja Voličina
6%
Kranj 1645 Zgornje Bitnje
6%
Naklo 518 Zgornje Duplje
6%
Ljubljana 606 Zgornje Gameljne
6%
Jezersko 585 Zgornje Jezersko
6%
Medvode 1,380 Zgornje Pirniče
6%
Poljčane 767 Zgornje Poljčane
6%
Koper 1,071 Zgornje Škofije
6%
Selnica ob Dravi 236 Zgornji Boč
6%
Duplek 349 Žikarce
6%
Duplek 575 Zimica
6%
Žiri 266 Žirovski Vrh
6%
Škocjan 151 Zloganje
6%
Tržič 430 Zvirče
6%
Cerklje na Gorenjskem 271 Adergas
0%
Gornji Petrovci 139 Adrijanci
0%
Polzela 793 Andraž nad Polzelo
0%
Vojnik 523 Arclin
0%
Sevnica 380 Arto
0%
Kanal 197 Avče
0%
Loška dolina 337 Babno Polje
0%
Ilirska Bistrica 458 Bač
0%
Hrpelje - Kozina 136 Bač pri Materiji
0%
Murska Sobota 1,427 Bakovci
0%
Preddvor 509 Bašelj
0%
Cerknica 741 Begunje pri Cerknici
0%
Metlika 180 Bereča vas
0%
Križevci 134 Berkovci
0%
Vrhnika 1,002 Bevke
0%
Slovenske Konjice 595 Bezina
0%
Cerknica 110 Bločice
0%
Gornji Grad 595 Bočna
0%
Puconci 427 Bodonci
0%
Šmarje pri Jelšah 199 Bodrež
0%
Moravske Toplice 564 Bogojina
0%
Zreče 237 Boharina
0%
Oplotnica 125 Božje
0%
Beltinci 666 Bratonci
0%
Hrastnik 325 Brdce
0%
Kobarid 184 Breginj
0%
Preddvor 146 Breg ob Kokri
0%
Borovnica 358 Breg pri Borovnici
0%
Kočevje 360 Breg pri Kočevju
0%
Polzela 1,030 Breg pri Polzeli
0%
Ribnica 342 Breg pri Ribnici na Dolenjskem
0%
Ormož 264 Bresnica
0%
Komen 195 Brestovica pri Komnu
0%
Vitanje 200 Brezen
0%
Dobrova - Polhov Gradec 456 Brezje pri Dobrovi
0%
Grosuplje 1,022 Brezje pri Grosupljem
0%
Poljčane 124 Brezje pri Poljčanah
0%
Borovnica 221 Brezovica pri Borovnici
0%
Mirna 127 Brezovica pri Mirni
0%
Hrastnik 217 Brnica
0%
Vransko 195 Brode
0%
Križevci 231 Bučečovci
0%
Ajdovščina 847 Budanje
0%
Žužemberk 101 Budganja vas
0%
Šalovci 103 Budinci
0%
Vodice 407 Bukovica pri Vodicah
0%
Postojna 184 Bukovje
0%
Zreče 235 Bukovlje
0%
Cerkno 170 Bukovo
0%
Dravograd 362 Bukovska vas
0%
Celje 378 Bukovžlak
0%
Oplotnica 277 Čadram
0%
Poljčane 155 Čadramska vas
0%
Lendava 816 Čentiba
0%
Šalovci 235 Čepinci
0%
Vransko 185 Čeplje
0%
Žetale 293 Čermožiše
0%
Rogaška Slatina 396 Cerovec pod Bočem
0%
Šmartno pri Litiji 162 Cerovica
0%
Šentjernej 227 Cerov Log
0%
Moravče 259 Češnjice pri Moravčah
0%
Mokronog - Trebelno 110 Češnjice pri Trebelnem
0%
Ajdovščina 551 Cesta
0%
Dobrepolje 271 Cesta
0%
Zagorje ob Savi 278 Čolnišče
0%
Semič 154 Črmošnjice
0%
Kostanjevica na Krki 127 Črneča vas
0%
Dravograd 642 Črneče
0%
Šmartno pri Litiji 323 Črni Potok
0%
Mokronog - Trebelno 133 Čužnja vas
0%
Sežana 406 Dane pri Sežani
0%
Železniki 305 Davča
0%
Bistrica ob Sotli 112 Dekmanca
0%
Postojna 146 Dilce
0%
Mengeš 308 Dobeno
0%
Dolenjske Toplice 124 Dobindol
0%
Nazarje 121 Dobletina
0%
Rogatec 270 Dobovec pri Rogatcu
0%
Škocjan 224 Dobrava pri Škocjanu
0%
Šentjernej 184 Dobravica
0%
Ajdovščina 452 Dobravlje
0%
Žetale 237 Dobrina
0%
Zreče 377 Dobrovlje
0%
Videm 164 Dolena
0%
Šalovci 166 Dolenci
0%
Gorenja vas - Poljane 202 Dolenja Dobrava
0%
Tolmin 266 Dolenja Trebuša
0%
Mirna Peč 104 Dolenja vas pri Mirni Peči
0%
Cerknica 232 Dolenje Jezero
0%
Trebnje 203 Dolenje Ponikve
0%
Ilirska Bistrica 183 Dolenje pri Jelšanah
0%
Dolenjske Toplice 148 Dolenje Sušice
0%
Ribnica 291 Dolenji Lazi
0%
Krško 279 Dolenji Leskovec
0%
Cerkno 238 Dolenji Novaki
0%
Moravče 218 Dole pri Krašcah
0%
Prevalje 387 Dolga Brda
0%
Lendava 360 Dolina pri Lendavi
0%
Črenšovci 531 Dolnja Bistrica
0%
Pivka 328 Dolnja Košana
0%
Kostanjevica na Krki 249 Dolnja Prekopa
0%
Škocjan 122 Dolnja Stara vas
0%
Divača 253 Dolnje Ležeče
0%
Divača 133 Dolnje Vreme
0%
Grad 395 Dolnji Slaveči
0%
Ilirska Bistrica 490 Dolnji Zemon
0%
Vojnik 235 Dol pod Gojko
0%
Borovnica 544 Dol pri Borovnici
0%
Kostanjevica na Krki 101 Dolšce
0%
Rečica ob Savinji 163 Dol-Suha
0%
Cankova 205 Domajinci
0%
Šalovci 245 Domanjševci
0%
Rogatec 174 Donačka Gora
0%
Žirovnica 146 Doslovče
0%
Mislinja 328 Dovže
0%
Šentrupert 155 Draga pri Šentrupertu
0%
Metlika 198 Drašiči
0%
Vuzenica 127 Dravče
0%
Slovenske Konjice 520 Draža vas
0%
Sveta Ana 164 Dražen Vrh
0%
Borovnica 102 Dražica
0%
Vrhnika 1,019 Drenov Grič
0%
Kozje 145 Drensko Rebro
0%
Kobarid 242 Drežnica
0%
Kobarid 140 Drežniške Ravne
0%
Straža 278 Drganja Sela
0%
Moravče 263 Drtija
0%
Vipava 248 Duplje
0%
Sežana 725 Dutovlje
0%
Velike Lašče 119 Dvorska vas
0%
Divača 144 Famlje
0%
Rogašovci 155 Fikšinci
0%
Moravske Toplice 527 Filovci
0%
Gornji Grad 163 Florjan pri Gornjem Gradu
0%
Sveta Ana 130 Froleh
0%
Lendava 484 Gaberje
0%
Ivančna Gorica 242 Gabrovčec
0%
Pesnica 537 Gačnik
0%
Beltinci 994 Gančani
0%
Šmartno ob Paki 386 Gavce
0%
Cankova 303 Gerlinci
0%
Sodražica 121 Globel
0%
Kostanjevica na Krki 113 Globočice pri Kostanjevici
0%
Slovenj Gradec 449 Gmajna
0%
Komenda 842 Gmajnica
0%
Vipava 190 Goče
0%
Škofja Loka 679 Godešič
0%
Kamnik 705 Godič
0%
Idrija 708 Godovič
0%
Litija 273 Golišče
0%
Turnišče 594 Gomilica
0%
Braslovče 355 Gomilsko
0%
Komenda 243 Gora pri Komendi
0%
Moravče 155 Gora pri Pečah
0%
Šentjernej 220 Gorenja Brezovica
0%
Mirna 110 Gorenja vas pri Mirni
0%
Šmarješke Toplice 244 Gorenja vas pri Šmarjeti
0%
Škofja Loka 411 Gorenja vas-Reteče
0%
Škofljica 288 Gorenje Blato
0%
Šentrupert 113 Gorenje Jesenice
0%
Cerknica 146 Gorenje Jezero
0%
Mokronog - Trebelno 122 Gorenje Laknice
0%
Dolenjske Toplice 132 Gorenje Sušice
0%
Šentjernej 375 Gorenje Vrhpolje
0%
Cerkno 227 Gorenji Novaki
0%
Zavrč 178 Goričak
0%
Medvode 545 Goričane
0%
Oplotnica 246 Gorica pri Oplotnici
0%
Celje 530 Gorica pri Šmartnem
0%
Ribnica 399 Goriča vas
0%
Dravograd 248 Goriški Vrh
0%
Kozje 169 Gorjane
0%
Komen 260 Gorjansko
0%
Črenšovci 766 Gornja Bistrica
0%
Pivka 134 Gornja Košana
0%
Metlika 177 Gornja Lokvica
0%
Kostanjevica na Krki 105 Gornja Prekopa
0%
Brda 325 Gornje Cerovo
0%
Cankova 131 Gornji Črnci
0%
Mislinja 492 Gornji Dolič
0%
Sveti Tomaž 106 Gornji Ključarovci
0%
Lendava 369 Gornji Lakoš
0%
Kuzma 444 Gornji Slaveči
0%
Muta 613 Gortina
0%
Žalec 1,160 Gotovlje
0%
Šmartno pri Litiji 146 Gozd-Reka
0%
Metlika 186 Grabrovec
0%
Velike Lašče 295 Gradež
0%
Selnica ob Dravi 169 Gradišče na Kozjaku
0%
Lukovica 251 Gradišče pri Lukovici
0%
Vipava 246 Gradišče pri Vipavi
0%
Šmartno pri Litiji 156 Gradiške Laze
0%
Cerknica 521 Grahovo
0%
Braslovče 349 Grajska vas
0%
Logatec 255 Grčarevec
0%
Majšperk 119 Grdina
0%
Nova Gorica 787 Grgar
0%
Črnomelj 340 Griblje
0%
Ribnica 344 Grič
0%
Žalec 634 Griže
0%
Šmarje pri Jelšah 225 Grliče
0%
Škocjan 129 Grmovlje
0%
Šmarje pri Jelšah 186 Grobelce
0%
Šentjernej 200 Groblje pri Prekopi
0%
Kozje 159 Gubno
0%
Ilirska Bistrica 260 Harije
0%
Domžale 860 Homec
0%
Rečica ob Savinji 111 Homec
0%
Gorenja vas - Poljane 410 Hotavlje
0%
Logatec 617 Hotedršica
0%
Šenčur 505 Hotemaže
0%
Lendava 743 Hotiza
0%
Gorenja vas - Poljane 275 Hotovlja
0%
Postojna 466 Hrašče
0%
Radenci 337 Hrastje-Mota
0%
Bistrica ob Sotli 150 Hrastje ob Bistrici
0%
Lenart 410 Hrastovec v Slovenskih goricah
0%
Mokronog - Trebelno 114 Hrastovica
0%
Črnomelj 166 Hrast pri Vinici
0%
Postojna 174 Hrenovice
0%
Loški Potok 382 Hrib - Loški Potok
0%
Ribnica 399 Hrovača
0%
Komen 158 Hruševica
0%
Postojna 276 Hruševje
0%
Dobrova - Polhov Gradec 524 Hruševo
0%
Vitanje 237 Hudinja
0%
Brda 318 Hum
0%
Ormož 301 Hum pri Ormožu
0%
Tolmin 288 Idrija pri Bači
0%
Kobarid 305 Idrsko
0%
Loška dolina 211 Iga vas
0%
Križevci 198 Iljaševci
0%
Lukovica 130 Imovica
0%
Rogaška Slatina 361 Irje
0%
Ig 295 Iška Loka
0%
Cerknica 226 Ivanje selo
0%
Vojnik 172 Ivenca
0%
Beltinci 746 Ižakovci
0%
Duplek 212 Jablance
0%
Podlehnik 116 Jablovec
0%
Radeče 300 Jagnjenica
0%
Podvelka 249 Janževski Vrh
0%
Radenci 242 Janžev Vrh
0%
Pesnica 402 Jareninski Dol
0%
Ilirska Bistrica 277 Jasen
0%
Podvelka 151 Javnik
0%
Gorenja vas - Poljane 208 Javorje
0%
Črna na Koroškem 154 Javorje
0%
Hrpelje - Kozina 133 Javorje
0%
Jesenice 286 Javorniški Rovt
0%
Cerkno 126 Jazne
0%
Makole 192 Jelovec pri Makolah
0%
Radeče 159 Jelovo
0%
Ilirska Bistrica 321 Jelšane
0%
Bohinj 194 Jereka
0%
Vransko 216 Jeronim
0%
Zagorje ob Savi 278 Jesenovo
0%
Straža 159 Jurka vas
0%
Pivka 152 Juršče
0%
Ljubno 138 Juvanje
0%
Divača 127 Kačiče-Pared
0%
Logatec 700 Kalce
0%
Bovec 141 Kal-Koritnica
0%
Kanal 340 Kal nad Kanalom
0%
Radovljica 496 Kamna Gorica
0%
Bohinj 228 Kamnje
0%
Lendava 410 Kapca
0%
Tabor 244 Kapla
0%
Prebold 326 Kaplja vas
0%
Žalec 782 Kasaze
0%
Krško 279 Kerinov Grm
0%
Zagorje ob Savi 1,654 Kisovec
0%
Dobrna 476 Klanc
0%
Hrpelje - Kozina 150 Klanec pri Kozini
0%
Žužemberk 141 Klečet
0%
Pivka 176 Klenik
0%
Škocjan 134 Klenovik
0%
Križevci 323 Ključarovci pri Ljutomeru
0%
Ilirska Bistrica 463 Knežak
0%
Komen 196 Kobdilj
0%
Komen 188 Kobjeglava
0%
Žetale 259 Kočice
0%
Ormož 258 Kog
0%
Brda 251 Kojsko
0%
Nazarje 194 Kokarje
0%
Preddvor 268 Kokra
0%
Štore 512 Kompole
0%
Dobrepolje 484 Kompolje
0%
Luče 111 Konjski Vrh
0%
Rače - Fram 233 Kopivnik
0%
Bohinj 240 Koprivnik v Bohinju
0%
Zavrč 117 Korenjak
0%
Horjul 104 Koreno nad Horjulom
0%
Ilirska Bistrica 133 Koritnice
0%
Ravne na Koroškem 111 Koroški Selovec
0%
Cankova 183 Korovci
0%
Vodice 203 Koseze
0%
Ilirska Bistrica 347 Koseze
0%
Celje 548 Košnica pri Celju
0%
Prevalje 114 Kot pri Prevaljah
0%
Tržič 818 Kovor
0%
Brda 362 Kozana
0%
Mislinja 401 Kozjak
0%
Kungota 563 Kozjak nad Pesnico
0%
Podlehnik 119 Kozminci
0%
Cankova 255 Krašči
0%
Metlika 177 Krasinec
0%
Lukovica 376 Krašnja
0%
Kobarid 148 Kred
0%
Sveta Ana 239 Kremberk
0%
Litija 336 Kresniške Poljane
0%
Litija 257 Kresniški Vrh
0%
Ivančna Gorica 435 Kriška vas
0%
Šmarje pri Jelšah 425 Kristan vrh
0%
Sveta Ana 196 Krivi Vrh
0%
Zreče 308 Križevec
0%
Radovljica 745 Kropa
0%
Domžale 870 Krtina
0%
Grad 182 Kruplivnik
0%
Ilirska Bistrica 255 Kuteževo
0%
Nazarje 119 Lačja vas
0%
Oplotnica 174 Lačna Gora
0%
Kobarid 143 Ladra
0%
Laško 213 Lahomno
0%
Radovljica 536 Lancovo
0%
Postojna 164 Landol
0%
Škofljica 262 Lanišče
0%
Štore 224 Laška vas pri Štorah
0%
Podčetrtek 176 Lastnič
0%
Prebold 1,129 Latkova vas
0%
Borovnica 265 Laze pri Borovnici
0%
Dobje 139 Lažiše
0%
Sevnica 255 Ledina
0%
Sveta Ana 234 Ledinek
0%
Slovenj Gradec 1,138 Legen
0%
Podvelka 154 Lehen na Pohorju
0%
Puconci 279 Lemerje
0%
Gornji Grad 114 Lenart pri Gornjem Gradu
0%
Lendava 659 Lendavske Gorice
0%
Mozirje 457 Lepa Njiva
0%
Apače 189 Lešane
0%
Prevalje 534 Leše
0%
Horjul 137 Lesno Brdo
0%
Vrhnika 373 Lesno Brdo
0%
Braslovče 897 Letuš
0%
Kanal 170 Levpa
0%
Beltinci 595 Lipa
0%
Cerknica 127 Lipsenj
0%
Kobarid 173 Livek
0%
Horjul 135 Ljubgojna
0%
Mozirje 575 Ljubija
0%
Polzela 1,056 Ločica ob Savinji
0%
Vransko 163 Ločica pri Vranskem
0%
Rače - Fram 143 Loka pri Framu
0%
Mengeš 881 Loka pri Mengšu
0%
Šentjur 378 Loka pri Žusmu
0%
Ajdovščina 1208 Lokavec
0%
Sveta Ana 204 Lokavec
0%
Mozirje 347 Loke pri Mozirju
0%
Sežana 893 Lokev
0%
Dobrna 346 Lokovina
0%
Gornja Radgona 224 Lomanoše
0%
Celje 695 Lopata
0%
Makole 134 Ložnica
0%
Gorenja vas - Poljane 180 Lučine
0%
Gornji Petrovci 103 Lucova
0%
Log - Dragomer 499 Lukovica pri Brezovici
0%
Poljčane 258 Lušečka vas
0%
Preddvor 153 Mače
0%
Žužemberk 109 Mačkovec pri Dvoru
0%
Ilirska Bistrica 162 Mala Bukovica
0%
Oplotnica 291 Malahorna
0%
Šmartno pri Litiji 232 Mala Kostrevnica
0%
Mislinja 203 Mala Mislinja
0%
Velike Lašče 198 Mala Slevica
0%
Braslovče 279 Male Braslovče
0%
Vojnik 245 Male Dole
0%
Ljubljana 302 Mali Lipoglav
0%
Loški Potok 218 Mali Log
0%
Šmartno ob Paki 396 Mali Vrh
0%
Grosuplje 414 Mali Vrh pri Šmarju
0%
Sveti Jurij v Slovenskih goricah 249 Malna
0%
Laško 300 Marija Gradec
0%
Loška dolina 189 Markovec
0%
Cerknica 322 Martinjak
0%
Mokronog - Trebelno 119 Martinja vas pri Mokronogu
0%
Gornji Petrovci 109 Martinje
0%
Železniki 243 Martinj Vrh
0%
Moravske Toplice 536 Martjanci
0%
Postojna 348 Matenja vas
0%
Kuzma 165 Matjaševci
0%
Prebold 358 Matke
0%
Brda 212 Medana
0%
Logatec 186 Medvedje Brdo
0%
Beltinci 749 Melinci
0%
Dolenjske Toplice 365 Meniška vas
0%
Žalec 658 Migojnice
0%
Šentjernej 211 Mihovica
0%
Tabor 150 Miklavž pri Taboru
0%
Slovenj Gradec 756 Mislinjska Dobrava
0%
Kranj 1588 Mlaka pri Kranju
0%
Zagorje ob Savi 253 Mlinše
0%
Radeče 110 Močilno
0%
Tolmin 298 Modrej
0%
Ljutomer 363 Moravci v Slovenskih goricah
0%
Rače - Fram 1,355 Morje
0%
Kanal 189 Morsko
0%
Puconci 255 Moščanci
0%
Radovljica 433 Mošnje
0%
Makole 191 Mostečno
0%
Grad 284 Motovilci
0%
Radenci 135 Murščak
0%
Pivka 137 Nadanje selo
0%
Loška dolina 156 Nadlesk
0%
Žetale 148 Nadole
0%
Apače 164 Nasova
0%
Brda 201 Neblo
0%
Turnišče 570 Nedelica
0%
Murska Sobota 252 Nemčavci
0%
Ribnica 247 Nemška vas
0%
Gornji Petrovci 135 Neradnovci
0%
Pivka 105 Neverke
0%
Podčetrtek 131 Nezbiše
0%
Rečica ob Savinji 214 Nizka
0%
Poljčane 195 Novake
0%
Gornji Grad 580 Nova Štifta
0%
Piran 254 Nova vas nad Dragonjo
0%
Ilirska Bistrica 187 Novokračine
0%
Rogašovci 288 Nuskova
0%
Hrpelje - Kozina 206 Obrov
0%
Hrpelje - Kozina 143 Ocizla
0%
Tabor 259 Ojstriška vas
0%
Trbovlje 175 Ojstro
0%
Ljubno 212 Okonina
0%
Oplotnica 211 Okoška Gora
0%
Naklo 137 Okroglo
0%
Laško 259 Olešče
0%
Šenčur 386 Olševek
0%
Miren - Kostanjevica 475 Opatje selo
0%
Postojna 197 Orehek
0%
Šmarješke Toplice 187 Orešje
0%
Braslovče 206 Orla vas
0%
Škofljica 254 Orle
0%
Polzela 102 Orova vas
0%
Semič 118 Osojnik
0%
Trbovlje 224 Ostenk
0%
Kostanjevica na Krki 160 Oštrc
0%
Šentjernej 188 Ostrog
0%
Dravograd 900 Otiški Vrh
0%
Nova Gorica 831 Ozeljan
0%
Velenje 517 Paka pri Velenju
0%
Pivka 209 Palčje
0%
Slovenj Gradec 1,298 Pameče
0%
Braslovče 720 Parižlje
0%
Pivka 114 Parje
0%
Šmartno ob Paki 222 Paška vas
0%
Puconci 402 Pečarovci
0%
Štore 263 Pečovje
0%
Rogašovci 401 Pertoča
0%
Lendava 757 Petišovci
0%
Logatec 480 Petkovec
0%
Žalec 946 Petrovče
0%
Škofljica 822 Pijava Gorica
0%
Brežice 345 Pišece
0%
Zreče 215 Planina na Pohorju
0%
Jesenice 294 Planina pod Golico
0%
Cerkno 128 Planina pri Cerknem
0%
Velenje 416 Plešivec
0%
Brda 208 Plešivo
0%
Kungota 712 Plintovec
0%
Sežana 209 Pliskovica
0%
Radeče 118 Počakovo
0%
Tolmin 563 Podbrdo
0%
Loška dolina 126 Podcerkev
0%
Loška dolina 110 Podgora pri Ložu
0%
Slovenj Gradec 976 Podgorje
0%
Kamnik 982 Podgorje
0%
Apače 178 Podgorje
0%
Ilirska Bistrica 244 Podgraje
0%
Dolenjske Toplice 178 Podhosta
0%
Sodražica 109 Podklanec
0%
Mežica 122 Podkraj pri Mežici
0%
Velenje 926 Podkraj pri Velenju
0%
Cerkno 155 Podlanišče
0%
Vrhnika 594 Podlipa
0%
Zagorje ob Savi 450 Podlipovica
0%
Ljubljana 522 Podmolnik
0%
Horjul 218 Podolnica
0%
Črna na Koroškem 186 Podpeca
0%
Brezovica 305 Podplešivica
0%
Vipava 319 Podraga
0%
Šmartno pri Litiji 145 Podroje
0%
Brda 315 Podsabotin
0%
Dobrova - Polhov Gradec 443 Podsmreka
0%
Dolenjske Toplice 334 Podturn pri Dolenjskih Toplicah
0%
Luče 133 Podveža
0%
Polzela 302 Podvin pri Polzeli
0%
Luče 234 Podvolovljek
0%
Braslovče 414 Podvrh
0%
Gorenja vas - Poljane 510 Poljane nad Škofjo Loko
0%
Mirna Peč 110 Poljane pri Mirni Peči
0%
Vodice 282 Polje pri Vodicah
0%
Gorje 231 Poljšica pri Gorjah
0%
Tolmin 453 Poljubinj
0%
Tabor 165 Pondor
0%
Žalec 836 Pongrac
0%
Grosuplje 616 Ponova vas
0%
Sežana 334 Povir
0%
Vransko 161 Prapreče
0%
Trbovlje 156 Prapreče
0%
Straža 142 Prapreče pri Straži
0%
Hrastnik 181 Prapretno pri Hrastniku
0%
Šenčur 508 Prebačevo
0%
Idrija 147 Predgriže
0%
Dobrepolje 271 Predstruge
0%
Ilirska Bistrica 197 Pregarje
0%
Vransko 267 Prekopa
0%
Celje 379 Prekorje
0%
Šentrupert 133 Prelesje
0%
Ilirska Bistrica 151 Prem
0%
Domžale 2,153 Preserje pri Radomljah
0%
Ravne na Koroškem 176 Preški Vrh
0%
Hrpelje - Kozina 220 Prešnica
0%
Postojna 760 Prestranek
0%
Lukovica 816 Prevoje pri Šentvidu
0%
Ribnica 395 Prigorica
0%
Nazarje 256 Prihova
0%
Ljubno 150 Primož pri Ljubnem
0%
Podčetrtek 230 Pristava pri Mestinju
0%
Dobrna 113 Pristova
0%
Šentjur 591 Proseniško
0%
Štore 501 Prožinska vas
0%
Nova Gorica 1,301 Prvačina
0%
Gornja Radgona 196 Ptujska Cesta
0%
Loška dolina 206 Pudob
0%
Škofja Loka 688 Puštal
0%
Žiri 159 Račeva
0%
Ilirska Bistrica 158 Račice
0%
Zreče 160 Radana vas
0%
Mozirje 278 Radegunda
0%
Ljubno 448 Radmirje
0%
Ljutomer 309 Radoslavci
0%
Šmarješke Toplice 194 Radovlja
0%
Luče 226 Raduha
0%
Lukovica 381 Rafolče
0%
Krško 350 Raka
0%
Murska Sobota 1,524 Rakičan
0%
Ribnica 259 Rakitnica
0%
Postojna 180 Rakitnik
0%
Braslovče 467 Rakovlje
0%
Šentrupert 109 Rakovnik pri Šentrupertu
0%
Pesnica 303 Ranca
0%
Rače - Fram 232 Ranče
0%
Tišina 256 Rankovci
0%
Velike Lašče 295 Rašica
0%
Cerkno 180 Ravne pri Cerknem
0%
Šentrupert 122 Ravnik
0%
Mislinja 134 Razborca
0%
Žužemberk 107 Reber
0%
Lovrenc na Pohorju 177 Recenjak
0%
Šmartno ob Paki 453 Rečica ob Paki
0%
Radlje ob Dravi 229 Remšnik
0%
Turnišče 587 Renkovci
0%
Vodice 380 Repnje
0%
Kočevje 391 Retje
0%
Bohinj 289 Ribčev Laz
0%
Solčava 134 Robanov Kot
0%
Tržič 560 Ročevnica
0%
Kanal 285 Ročinj
0%
Hrpelje - Kozina 347 Rodik
0%
Žirovnica 349 Rodine
0%
Podčetrtek 134 Roginska Gorca
0%
Rogašovci 212 Ropoča
0%
Logatec 254 Rovtarske Žibrše
0%
Logatec 981 Rovte
0%
Sveta Ana 168 Rožengrunt
0%
Ljubljana 461 Sadinja vas
0%
Žužemberk 177 Sadinja vas pri Dvoru
0%
Razkrižje 261 Šafarsko
0%
Juršinci 214 Sakušak
0%
Puconci 287 Šalamenci
0%
Ljubno 202 Savina
0%
Makole 111 Savinsko
0%
Moravske Toplice 459 Sebeborci
0%
Tržič 440 Sebenje
0%
Cerkno 296 Šebrelje
0%
Podlehnik 251 Sedlašek
0%
Loški Potok 103 Šegova vas
0%
Apače 309 Segovci
0%
Miren - Kostanjevica 156 Sela na Krasu
0%
Brežice 536 Sela pri Dobovi
0%
Dolenjske Toplice 254 Sela pri Dolenjskih Toplicah
0%
Trebnje 150 Sela pri Šumberku
0%
Vodice 320 Selo pri Vodicah
0%
Zagorje ob Savi 283 Selo pri Zagorju
0%
Žirovnica 310 Selo pri Žirovnici
0%
Cerknica 149 Selšček
0%
Ilirska Bistrica 234 Šembije
0%
Žalec 2,022 Šempeter v Savinjski Dolini
0%
Divača 619 Senožeče
0%
Prevalje 198 Šentanel
0%
Mislinja 254 Šentilj pod Turjakom
0%
Vuzenica 250 Šentjanž nad Dravčami
0%
Štore 213 Šentjanž nad Štorami
0%
Dravograd 544 Šentjanž pri Dravogradu
0%
Radlje ob Dravi 295 Šent Janž pri Radljah
0%
Dobrova - Polhov Gradec 410 Šentjošt nad Horjulom
0%
Šmarje pri Jelšah 240 Šentvid pri Grobelnem
0%
Lukovica 259 Šentvid pri Lukovici
0%
Rogašovci 547 Serdica
0%
Prebold 483 Šešče pri Preboldu
0%
Vrhnika 572 Sinja Gorica
0%
Cankova 200 Skakovci
0%
Slovenske Konjice 482 Škalce
0%
Dobje 100 Škarnice
0%
Vodice 306 Skaručna
0%
Divača 105 Škoflje
0%
Šmartno ob Paki 253 Skorno
0%
Šoštanj 370 Skorno pri Šoštanju
0%
Komen 151 Škrbina
0%
Kungota 196 Slatinski Dol
0%
Postojna 251 Slavina
0%
Mokronog - Trebelno 112 Slepšek
0%
Cerknica 176 Slivice
0%
Kamnik 1,513 Šmarca
0%
Sežana 323 Šmarje pri Sežani
0%
Nazarje 261 Šmartno ob Dreti
0%
Slovenj Gradec 1,258 Šmartno pri Slovenj Gradcu
0%
Kobarid 187 Smast
0%
Mozirje 165 Šmihel nad Mozirjem
0%
Postojna 189 Šmihel pod Nanosom
0%
Žužemberk 121 Šmihel pri Žužemberku
0%
Medvode 581 Smlednik
0%
Žirovnica 519 Smokuč
0%
Ilirska Bistrica 112 Smrje
0%
Škofljica 895 Smrjene
0%
Vojnik 377 Socka
0%
Ormož 277 Sodinci
0%
Rogašovci 332 Sotina
0%
Kranj 891 Spodnja Besnica
0%
Poljčane 232 Spodnja Brežnica
0%
Idrija 257 Spodnja Kanomlja
0%
Podvelka 343 Spodnja Kapla
0%
Laško 599 Spodnja Rečica
0%
Rečica ob Savinji 279 Spodnja Rečica
0%
Benedikt 118 Spodnja Ročica
0%
Gornja Radgona 466 Spodnja Ščavnica
0%
Selnica ob Dravi 145 Spodnja Selnica
0%
Sveta Trojica v Slovenskih goricah 102 Spodnja Senarska
0%
Grosuplje 578 Spodnja Slivnica
0%
Radlje ob Dravi 324 Spodnja Vižinga
0%
Pesnica 476 Spodnje Dobrenje
0%
Nazarje 152 Spodnje Kraše
0%
Lukovica 151 Spodnje Loke
0%
Rogaška Slatina 331 Spodnje Negonje
0%
Poljčane 645 Spodnje Poljčane
0%
Lukovica 258 Spodnje Prapreče
0%
Slovenske Konjice 432 Spodnje Preloge
0%
Rogaška Slatina 480 Spodnje Sečovo
0%
Zreče 179 Spodnje Stranice
0%
Kungota 156 Spodnje Vrtiče
0%
Vitanje 179 Spodnji Dolič
0%
Sveti Jurij v Slovenskih goricah 327 Spodnji Gasteraj
0%
Litija 306 Spodnji Hotič
0%
Lenart 255 Spodnji Porčič
0%
Razkrižje 113 Šprinc
0%
Radenci 166 Šratovci
0%
Preddvor 384 Srednja Bela
0%
Črenšovci 431 Srednja Bistrica
0%
Idrija 153 Srednja Kanomlja
0%
Šenčur 598 Srednja vas pri Šenčurju
0%
Domžale 871 Srednje Jarše
0%
Mislinja 248 Srednji Dolič
0%
Bovec 175 Srpenica
0%
Gornji Petrovci 195 Stanjevci
0%
Podlehnik 179 Stanošina
0%
Poljčane 242 Stanovsko
0%
Škofja Loka 777 Stara Loka
0%
Gorenja vas - Poljane 205 Stara Oselica
0%
Kobarid 172 Staro selo
0%
Žužemberk 103 Stavča vas
0%
Moravče 197 Stegne
0%
Vitanje 164 Stenica
0%
Majšperk 180 Stoperce
0%
Vransko 228 Stopnik
0%
Sežana 342 Štorje
0%
Novo mesto 474 Stranska vas
0%
Dobrova - Polhov Gradec 280 Stranska vas
0%
Vojnik 198 Stražica
0%
Prevalje 167 Stražišče
0%
Ravne na Koroškem 234 Stražišče
0%
Črnomelj 175 Stražnji Vrh
0%
Dobrovnik 236 Strehovci
0%
Semič 119 Štrekljevec
0%
Laško 404 Strmca
0%
Dobrna 126 Strmec nad Dobrno
0%
Poljčane 139 Studenice
0%
Železniki 203 Studeno
0%
Postojna 299 Studeno
0%
Dobrova - Polhov Gradec 542 Šujica
0%
Gornji Petrovci 159 Šulinci
0%
Kungota 133 Svečina
0%
Trbovlje 114 Sveta Planina
0%
Radlje ob Dravi 243 Sveti Anton na Pohorju
0%
Muta 124 Sveti Jernej nad Muto
0%
Prebold 404 Sveti Lovrenc
0%
Štore 104 Svetina
0%
Muta 289 Sveti Primož nad Muto
0%
Vuzenica 338 Sveti Primož na Pohorju
0%
Radlje ob Dravi 218 Sveti Trije Kralji
0%
Benedikt 181 Sveti Trije Kralji v Slovenskih Goricah
0%
Vuzenica 418 Sveti Vid
0%
Mokronog - Trebelno 135 Sveti Vrh
0%
Komen 221 Sveto
0%
Radeče 163 Svibno
0%
Črnomelj 233 Tanča Gora
0%
Miren - Kostanjevica 171 Temnica
0%
Moravske Toplice 337 Tešanovci
0%
Rogatec 318 Tlake
0%
Mislinja 154 Tolsti Vrh pri Mislinji
0%
Ravne na Koroškem 916 Tolsti Vrh pri Ravnah na Koroškem
0%
Komen 170 Tomačevica
0%
Sežana 308 Tomaj
0%
Škocjan 138 Tomažja vas
0%
Ilirska Bistrica 109 Tominje
0%
Ig 450 Tomišelj
0%
Šentjur 272 Tratna pri Grobelnem
0%
Loški Potok 267 Travnik
0%
Šenčur 710 Trboje
0%
Dravograd 220 Trbonje
0%
Kuzma 183 Trdkova
0%
Bistrica ob Sotli 239 Trebče
0%
Gorenja vas - Poljane 211 Trebija
0%
Rogatec 107 Trlično
0%
Braslovče 285 Trnava
0%
Lukovica 294 Trnjava
0%
Celje 1,331 Trnovlje pri Celju
0%
Trnovska vas 171 Trnovski Vrh
0%
Slovenj Gradec 348 Troblje
0%
Ilirska Bistrica 121 Trpčane
0%
Šentrupert 135 Trstenik
0%
Hrpelje - Kozina 161 Tublje pri Hrpeljah
0%
Preddvor 425 Tupaliče
0%
Velike Lašče 245 Turjak
0%
Hrastnik 271 Turje
0%
Zavrč 286 Turški Vrh
0%
Oplotnica 158 Ugovec
0%
Vodice 493 Utik
0%
Puconci 307 Vadarci
0%
Puconci 510 Vaneča
0%
Rečica ob Savinji 333 Varpolje
0%
Straža 416 Vavta vas
0%
Rogašovci 366 Večeslavci
0%
Trebnje 298 Vejar
0%
Ilirska Bistrica 203 Velika Bukovica
0%
Šmartno pri Litiji 206 Velika Kostrevnica
0%
Vrhnika 434 Velika Ligojna
0%
Videm 177 Velika Varnica
0%
Krško 279 Velika vas pri Krškem
0%
Bloke 244 Velike Bloke
0%
Brežice 328 Velike Malence
0%
Rogaška Slatina 192 Velike Rodne
0%
Mirna Peč 121 Veliki Kal
0%
Žužemberk 100 Veliki Lipovec
0%
Velike Lašče 145 Veliki Ločnik
0%
Postojna 172 Veliki Otok
0%
Grosuplje 432 Veliki Vrh pri Šmarju
0%
Laško 265 Veliko Širje
0%
Medvode 554 Verje
0%
Slovenske Konjice 460 Vešenik
0%
Škofja Loka 280 Vešter
0%
Kozje 136 Vetrnik
0%
Ormož 268 Vičanci
0%
Grad 306 Vidonci
0%
Šmarješke Toplice 239 Vinji Vrh
0%
Dobrna 157 Vinska Gorica
0%
Šmartno pri Litiji 159 Vintarjevec
0%
Brda 433 Vipolže
0%
Škofja Loka 871 Virmaše
0%
Ivančna Gorica 508 Vir pri Stični
0%
Podčetrtek 226 Virštanj
0%
Loška dolina 163 Viševek
0%
Vojnik 263 Višnja vas
0%
Šenčur 644 Voglje
0%
Miren - Kostanjevica 225 Vojščica
0%
Idrija 246 Vojsko
0%
Vodice 150 Vojsko
0%
Šenčur 473 Voklo
0%
Tolmin 252 Volarje
0%
Nazarje 139 Volog
0%
Pesnica 324 Vosek
0%
Ilirska Bistrica 161 Vrbica
0%
Žalec 626 Vrbje
0%
Šentjur 385 Vrbno
0%
Ilirska Bistrica 290 Vrbovo
0%
Kozje 175 Vrenska Gorca
0%
Škofljica 389 Vrh nad Želimljami
0%
Loška dolina 176 Vrhnika pri Ložu
0%
Radeče 267 Vrhovo
0%
Vipava 600 Vrhpolje
0%
Kamnik 747 Vrhpolje pri Kamniku
0%
Moravče 285 Vrhpolje pri Moravčah
0%
Šentjernej 175 Vrh pri Šentjerneju
0%
Kungota 133 Vršnik
0%
Ajdovščina 464 Vrtovin
0%
Horjul 536 Vrzdenec
0%
Moravske Toplice 254 Vučja Gomila
0%
Križevci 213 Vučja vas
0%
Radlje ob Dravi 670 Vuhred
0%
Pesnica 335 Vukovje
0%
Pesnica 394 Vukovski Dol
0%
Ilirska Bistrica 302 Zabiče
0%
Borovnica 120 Zabočevo
0%
Dol pri Ljubljani 427 Zaboršt pri Dolu
0%
Mirna 172 Zabrdje
0%
Žirovnica 525 Zabreznica
0%
Žalec 960 Zabukovica
0%
Idrija 296 Zadlog
0%
Bistrica ob Sotli 132 Zagaj
0%
Postojna 194 Zagon
0%
Trebnje 252 Zagorica pri Velikem Gabru
0%
Rogatec 272 Žahenberc
0%
Podlehnik 201 Zakl
0%
Horjul 192 Zaklanec
0%
Cerkno 178 Zakriž
0%
Železniki 212 Zali Log
0%
Moravče 211 Zalog pri Moravčah
0%
Polzela 497 Založe
0%
Sodražica 249 Zamostec
0%
Vodice 244 Zapoge
0%
Sodražica 170 Zapotok
0%
Ig 408 Zapotok
0%
Ilirska Bistrica 121 Zarečica
0%
Ilirska Bistrica 145 Zarečje
0%
Dobrna 232 Zavrh nad Dobrno
0%
Mislinja 416 Završe
0%
Šmartno pri Litiji 387 Zavrstnik
0%
Horjul 187 Žažar
0%
Slovenske Konjice 351 Zbelovska Gora
0%
Gornja Radgona 260 Zbigovci
0%
Medvode 917 Zbilje
0%
Dobrepolje 261 Zdenska vas
0%
Radeče 135 Žebnik
0%
Ravne na Koroškem 147 Zelen Breg
0%
Škofljica 470 Želimlje
0%
Kočevje 493 Željne
0%
Cerknica 100 Zelše
0%
Gornji Petrovci 103 Ženavlje
0%
Puconci 316 Zenkovci
0%
Apače 355 Žepovci
0%
Cerknica 176 Žerovnica
0%
Preddvor 330 Zgornja Bela
0%
Kranj 802 Zgornja Besnica
0%
Podvelka 169 Zgornja Kapla
0%
Videm 196 Zgornja Pristava
0%
Laško 411 Zgornja Rečica
0%
Sveta Ana 490 Zgornja Ščavnica
0%
Selnica ob Dravi 492 Zgornja Selnica
0%
Sveta Trojica v Slovenskih goricah 125 Zgornja Senarska
0%
Železniki 178 Zgornja Sorica
0%
Radlje ob Dravi 258 Zgornja Vižinga
0%
Podlehnik 117 Zgornje Gruškovje
0%
Sveti Jurij v Slovenskih goricah 577 Zgornje Partinje
0%
Rečica ob Savinji 105 Zgornje Pobrežje
0%
Kamnik 426 Zgornje Stranje
0%
Sveta Trojica v Slovenskih goricah 130 Zgornje Verjane
0%
Sveti Jurij v Slovenskih goricah 135 Zgornji Gasteraj
0%
Litija 322 Zgornji Hotič
0%
Ribnica na Pohorju 104 Zgornji Lehen na Pohorju
0%
Sveta Trojica v Slovenskih goricah 369 Zgornji Porčič
0%
Kamnik 376 Zgornji Tuhinj
0%
Lenart 275 Zgornji Žerjavci
0%
Radovljica 404 Zgoša
0%
Apače 160 Žiberci
0%
Šmarje pri Jelšah 180 Zibika
0%
Logatec 201 Žibrše
0%
Tržič 493 Žiganja vas
0%
Sodražica 276 Žimarice
0%
Sveti Jurij v Slovenskih goricah 241 Žitence
0%
Dobrovnik 117 Žitkovci
0%
Črenšovci 563 Žižki
0%
Nazarje 117 Žlabor
0%
Zreče 176 Zlakova
0%
Medvode 585 Žlebe
0%
Škofja Loka 582 Zminec
0%
No matching quizzes found
Score Distribution
Percent of People with Each Score
Percentile by Number Answered
Your Score History
You have not taken this quiz